Inequidad, ciudadanía y pueblos indígenas en Chile /

Guardado en:
Bibliografiske detaljer
Hovedforfatter: Valenzuela Fernández, Rodrigo
Format: Texto
Serier:Serie políticas sociales
Fag:
Tags: Tilføj Tag
Ingen Tags, Vær først til at tagge denne postø!

MARC

LEADER 00000 a a2200000 04500
001 47974
003
040
090 |a REV1291 (76) 2003  
100 |a Valenzuela Fernández, Rodrigo  
245 |a Inequidad, ciudadanía y pueblos indígenas en Chile /  |c Rodrigo Valenzuela Fernández 
440 |a Serie políticas sociales  
500 |a Incluye 15 notas y referencias bibliográficas Desarrollo Social y Equidad en América Latina y el CaribePatrocinado por CEPAL  
650 |a POBLACION INDIGENA  
650 |a POBREZA  
650 |a EMPLEO  
650 |a DESIGUALDAD SOCIAL  
650 |a ACCESO A LA SALUD  
650 |a POLITICA  
650 |a INSTITUCIONES  
650 |a DERECHOS HUMANOS  
650 |a INCLUSION SOCIAL  
650 |a CHILE  
773 |g número76, (2003), página47  
999 |c 26774  |d 26774